02612cam a22003498i 450000100090000000300040000900500170001300600190003000700150004900800410006401000170010502000300012204000230015204200080017505000100018308200190019310000330021224501090024526300090035426400840036330000100044733600260045733700260048333800360050950400510054550504110059652008930100758801030190065000480200370000270205177601840207821520827OSt20230925112800.0m |o d | cr |||||||||||200426s2020 enk ob 001 0 eng  a 2020001144 z9781108839808q(hardback) aDLCbengcDLCerda apcc00aQA37400a515.353bNAN/P1 aNandakumaran, A. K.eauthor.10aPartial differential equations :bclassical theory with a modern touch /cA.K. Nandakumaran, P.S. Datti. a2004 1aCambridge, United Kingdom ;aNew York, NY :bCambridge University Press,c2020. a356 p atextbtxt2rdacontent acomputerbc2rdamedia aonline resourcebcr2rdacarrier aIncludes bibliographical references and index.0 aFirst-order partial differential equations : method of characteristics -- Hamilton-Jacobi equation -- Conservation laws -- Classification of second-order equations -- Laplace and Poisson equations -- Heat equation -- One-dimensional wave equation -- Wave equation in higher dimensions -- Cauchy-Kovalevsky theorem and its generalization -- A peep into weak derivatives, Sobolev spaces and weak formulation. a"The aim of the present book is to introduce the fundamental topics in a classical way as in any first book on PDE. The authors have demonstrated the basic topics in such a way that the doors of the modern theory are open to interested readers. For example, after the introduction to method of characteristics for first order equations, immediately the importance of introducing the notion of weak solutions to two important class of first order equations, namely conservation laws and Hamilton-Jacobi equations, is discussed. Almost all the chapters cover something about the modern topics. This is the modern touch that the authors have envisaged and decided to put in the title. Also included are many exercises in most of the chapters. These will help students to get a better insight of the subject. Hints or answers are provided to some selected exercises"--cProvided by publisher. aDescription based on print version record and CIP data provided by publisher; resource not viewed. 0aDifferential equations, PartialvTextbooks.1 aDatti, P. S.,eauthor.08iPrint version:aNandakumaran, A. K..tPartial differential equationsdCambridge, United Kingdom ; New York, NY : Cambridge University Press, 2020.z9781108839808w(DLC) 2020001143